Music Quiz

Random Music or Rock Quiz

Portrait of an Artist: Nirvana Quiz Stats

 Plays Quiz Updated Apr 5, 2019

Score 0/50 Timer 10:00
4 Plays Today
% Correct
Aberdeen, Washington
91.7%
Kurt Cobain
89.6%
Nevermind
86.9%
Dave Grohl
83.9%
are
82.5%
entertain
79.2%
Smells Like Teen Spirit
75.7%
In Utero
74.5%
stupid
73.5%
contagious
71.1%
time
70.9%
MTV Unplugged in New York
68.1%
lights
67%
late
66.3%
know
66.2%
dangerous
65.5%
one
65.5%
2014
65.1%
out
64.2%
Bleach
63.4%
means
61.9%
choice
60.1%
songs
59.9%
sing
59.5%
gun
59.5%
% Correct
Heart Shaped Box
59.4%
along
59.1%
new
58.7%
shoot
58.5%
you
58.5%
complaint
57.1%
pretty
55.4%
Krist Novoselic
54.3%
Come As You Are
54.1%
debt
53%
In Bloom
51.9%
amused
50.7%
everything
45.6%
night
44.5%
priceless
43.5%
All Apologies
39.3%
Sub Pop
36.5%
Pat Smear
36.4%
About a Girl
35%
DGC Records
32.2%
Incesticide
31.7%
dry
31.4%
hang
30.6%
salt
28.3%
advantage
23.7%

You're not logged in!

Compare scores with friends on all Sporcle quizzes.
OR
Log In

Sporcle TV

Today on Sporcle TV


Watch our educational content, quiz creation guides, and fun videos on Sporcle TV.

Show Comments

Extras

Top Quizzes Today


Score Distribution

Your Account Isn't Verified!

In order to create a playlist on Sporcle, you need to verify the email address you used during registration. Go to your Sporcle Settings to finish the process.

Report this User

Report this user for behavior that violates our Community Guidelines.

Details: